| 000 | 00593nam a2200193Ia 4500 | ||
|---|---|---|---|
| 008 | 090124s9999 xx 000 0 und d | ||
| 082 |
_b1510 _a112 |
||
| 100 | _aराजवाडे वि.भा. | ||
| 245 | _a स्थळांची सूची | ||
| 250 | _a1 | ||
| 260 | _c1917 | ||
| 300 | _a236 | ||
| 600 | _aराजवाडे वि.भा. | ||
| 630 | _a स्थळांची सूची | ||
| 700 | _aराजवाडे वि.भा. | ||
| 700 | _aराजवाडे वि.भा. | ||
| 730 | _a स्थळांची सूची | ||
| 942 | _cBOOK | ||
| 999 |
_c115465 _d115465 |
||